000 01563nam a22002897a 4500
005 20190306115314.0
008 130419n fr |||fr|||||000|ddfre|d
040 _cSandra Yazo (modificó)
_dSandra Yazo (modificó)
_bspa
041 0 _afre
_agre
082 0 4 _a882.1
_220
092 _aE48N033
100 1 _aEsquilo
_91600
242 0 0 _aNueva traducción de las Obras de Esquilo
_cLeconte de Lisle
_yspa
245 1 0 _aEschyle Traduction Nouvelle
_cLeconte de Lisle
260 _aParís (Francia)
_bAlphonse Lemerre [Alfonso Lemerre]
_c[fecha desconocida]
300 _a367 páginas
_c18 x 12 cm.
500 _aDetalles físicos: Actualmente, encuadernación rígida (holandesa) en cartón forrado en papel texturizado, con lomo de tela encolada, adornos en dorado. Tapas con esquinas y bordes con raspaduras. Guardas. Hoja de cortesía. Anteportada. Portada en cada tomo impresa en una sola tinta con marca tipográfica del editor. Texto impreso en una sola columna con diferentes tipos y tamaños de letra. Cenefas. Mayúsculas capitales. Remates. Índice al final. Papel manchado.
505 0 _aTragedias: Prometeo encadenado ; Las suplicantes ; Siete contra Tebas ; Agamenón ; Las coéforas ; Las Euménides ; Los persas
506 _aConsulta en sala
546 _aTexto griego y francés
650 7 _aLiteratura clásica
_918628
650 7 _aLiteratura griega
_976
650 7 _aTragedia griega
_925649
690 _aLiteratura griega
_976
700 1 _aLeconte de Lisle
_d1818-1894
_995737
942 _cLIBRO
_e1
_a18
_2LOCAL
_hE48N033
999 _c311721
_d311721